Statistiques concernant Drapeaux des états du Brésil

Cliquez ici pour prendre le quiz!

Statistiques générales

  • Ce quiz a été pris 11 fois
  • Le résultat moyen est 8 sur 27

Statistiques - réponses

Réponse% Correct
Bahia
71%
São Paulo
71%
Acre
57%
Amazonas
57%
Paraná
57%
Minas Gerais
43%
Rio de Janeiro
43%
Alagoas
29%
Ceará
29%
District fédéral
29%
Maranhão
29%
Mato Grosso
29%
Pará
29%
Pernambouc
29%
Piauí
29%
Santa Catarina
29%
Amapá
14%
Espírito Santo
14%
Goiás
14%
Mato Grosso do Sul
14%
Paraïba
14%
Rio Grande do Norte
14%
Rio Grande do Sul
14%
Rondônia
14%
Roraima
14%
Sergipe
14%
Tocantins
14%

Distribution des résultats

Percentile par nombre de réponses

% des personnes avec chaque résultat

Votre développement - résultats

Vous n’avez pas pris ce quiz